[Event "World Youth & Cadets Blitz Championships"]
[Site "Rhodes, Greece"]
[Date "2022.05.03"]
[Round "2.12"]
[White "Kos, Nikola"]
[Black "Badacsonyi, Stanley"]
[Result "0-1"]
[TimeControl "5'/game & 2\"/move"]
[WhiteElo "1628"]
[BlackElo "1948"]

1. e4 {[%clk 00:05:03]} {[%emt 00:00:01]} e5 {[%clk 00:05:03]} {[%emt
00:00:01]} 2. Nf3 {[%clk 00:05:04]} {[%emt 00:00:01]} Nc6 {[%clk 00:05:04]}
{[%emt 00:00:01]} 3. d4 {[%clk 00:05:05]} {[%emt 00:00:01]} exd4 {[%clk
00:05:05]} {[%emt 00:00:01]} 4. Bc4 {[%clk 00:05:06]} {[%emt 00:00:01]} Nf6
{[%clk 00:05:06]} {[%emt 00:00:01]} 5. e5 {[%clk 00:05:07]} d5 {[%clk
00:05:07]} {[%emt 00:00:01]} 6. Bb5 {[%clk 00:05:08]} {[%emt 00:00:01]} Nd7
{[%clk 00:05:08]} {[%emt 00:00:01]} 7. Bxc6 {[%clk 00:05:03]} {[%emt 00:00:07]}
bxc6 {[%clk 00:05:09]} {[%emt 00:00:01]} 8. Nxd4 {[%clk 00:05:04]} {[%emt
00:00:01]} c5 {[%clk 00:05:09]} {[%emt 00:00:02]} 9. Nf3 {[%clk 00:03:56]}
{[%emt 00:01:10]} Bb7 {[%clk 00:05:08]} {[%emt 00:00:03]} 10. O-O {[%clk
00:03:37]} {[%emt 00:00:21]} Be7 {[%clk 00:05:07]} {[%emt 00:00:03]} 11. Bf4
{[%clk 00:03:16]} {[%emt 00:00:22]} O-O {[%clk 00:05:05]} {[%emt 00:00:05]} 12.
h3 {[%clk 00:02:58]} {[%emt 00:00:20]} f6 {[%clk 00:04:57]} {[%emt 00:00:10]}
13. exf6 {[%clk 00:02:32]} {[%emt 00:00:29]} Nxf6 {[%clk 00:04:57]} {[%emt
00:00:01]} 14. Nbd2 {[%clk 00:01:18]} {[%emt 00:01:16]} Ne4 {[%clk 00:04:52]}
{[%emt 00:00:06]} 15. Bh2 {[%clk 00:01:02]} {[%emt 00:00:18]} d4 {[%clk
00:04:44]} {[%emt 00:00:11]} 16. Qe2 {[%clk 00:00:40]} {[%emt 00:00:24]} Nxd2
{[%clk 00:04:41]} {[%emt 00:00:05]} 17. Nxd2 {[%clk 00:00:37]} {[%emt
00:00:05]} Bd6 {[%clk 00:04:42]} {[%emt 00:00:02]} 18. Qe6+ {[%clk 00:00:31]}
{[%emt 00:00:07]} Kh8 {[%clk 00:04:43]} {[%emt 00:00:02]} 19. Bxd6 {[%clk
00:00:30]} {[%emt 00:00:03]} Qxd6 {[%clk 00:04:43]} 20. Qxd6 {[%clk 00:00:27]}
{[%emt 00:00:05]} cxd6 {[%clk 00:04:44]} {[%emt 00:00:01]} 21. Rfe1 {[%clk
00:00:18]} {[%emt 00:00:11]} Rae8 {[%clk 00:04:45]} 22. Nc4 {[%clk 00:00:16]}
{[%emt 00:00:05]} Rd8 {[%clk 00:04:41]} {[%emt 00:00:06]} 23. Re7 {[%clk
00:00:05]} {[%emt 00:00:13]} Bd5 {[%clk 00:04:42]} {[%emt 00:00:01]} 24. Nd2
{[%clk 00:00:03]} {[%emt 00:00:04]} Rb8 {[%clk 00:04:43]} {[%emt 00:00:01]} 25.
b3 {[%clk 00:00:05]} {[%emt 00:00:01]} Rf7 {[%clk 00:04:40]} {[%emt 00:00:05]}
26. Rxf7 {[%clk 00:00:05]} {[%emt 00:00:01]} Bxf7 {[%clk 00:04:41]} {[%emt
00:00:01]} 27. Re1 {[%clk 00:00:07]} Kg8 {[%clk 00:04:40]} {[%emt 00:00:02]} 28.
Ne4 {[%clk 00:00:07]} {[%emt 00:00:02]} Bg6 {[%clk 00:04:38]} {[%emt 00:00:04]}
29. Nxd6 {[%clk 00:00:08]} Bxc2 {[%clk 00:04:39]} {[%emt 00:00:01]} 30. Re7
{[%clk 00:00:09]} {[%emt 00:00:01]} d3 {[%clk 00:04:34]} {[%emt 00:00:07]} 31.
Kf1 {[%clk 00:00:10]} {[%emt 00:00:02]} Rd8 {[%clk 00:04:33]} {[%emt 00:00:03]}
32. Nc4 {[%clk 00:00:07]} {[%emt 00:00:04]} d2 {[%clk 00:04:33]} {[%emt
00:00:02]} 33. Nxd2 {[%clk 00:00:05]} {[%emt 00:00:04]} Rxd2 {[%clk 00:04:34]}
{[%emt 00:00:01]} 34. Rxa7 {[%clk 00:00:06]} Bd3+ {[%clk 00:04:35]} {[%emt
00:00:01]} 35. Ke1 {[%clk 00:00:07]} {[%emt 00:00:01]} Re2+ 36. Kd1 Rxf2 {[%clk
00:04:35]} 37. a4 {[%clk 00:00:08]} {[%emt 00:00:02]} Bc2+ {[%clk 00:04:36]}
{[%emt 00:00:01]} 38. Kc1 {[%clk 00:00:09]} Bxb3 {[%emt 00:00:02]} 39. a5 Rxg2
{[%clk 00:04:34]} {[%emt 00:00:04]} 40. a6 {[%clk 00:00:12]} Ra2 {[%clk
00:04:35]} {[%emt 00:00:01]} 41. Ra8+ {[%clk 00:00:11]} {[%emt 00:00:03]} Kf7
{[%clk 00:04:36]} {[%emt 00:00:01]} 42. a7 {[%clk 00:00:11]} Be6 {[%clk
00:04:32]} {[%emt 00:00:05]} 43. Kb1 {[%clk 00:00:12]} {[%emt 00:00:03]} Ra6
{[%clk 00:04:33]} {[%emt 00:00:01]} 44. Kc2 {[%clk 00:00:10]} {[%emt 00:00:03]}
Bxh3 {[%clk 00:04:33]} 45. Kc3 {[%clk 00:00:12]} {[%emt 00:00:02]} Be6 {[%clk
00:04:34]} 46. Kd3 {[%clk 00:00:10]} {[%emt 00:00:04]} h5 {[%clk 00:04:35]}
{[%emt 00:00:01]} 47. Ke3 {[%clk 00:00:10]} {[%emt 00:00:01]} g5 {[%clk
00:04:36]} {[%emt 00:00:01]} 48. Rh8 {[%clk 00:00:09]} {[%emt 00:00:03]} Bd5
{[%clk 00:04:36]} {[%emt 00:00:02]} 49. Rxh5 {[%clk 00:00:07]} {[%emt
00:00:04]} Kg6 {[%clk 00:04:36]} {[%emt 00:00:01]} 50. Rh1 {[%clk 00:00:05]}
{[%emt 00:00:05]} Bxh1 {[%clk 00:04:34]} 0-1

[Event "World Youth & Cadets Blitz Championships"]
[Site "Rhodes, Greece"]
[Date "2022.05.03"]
[Round "2.13"]
[White "Buchinger, Alexis"]
[Black "Mamedov, Edgar"]
[Result "0-1"]
[TimeControl "5'/game & 2\"/move"]
[WhiteElo "1540"]
[BlackElo "2027"]

1. e4 {[%clk 00:05:03]} c5 {[%clk 00:05:04]} {[%emt 00:00:01]} 2. Nf3 {[%clk
00:05:03]} {[%emt 00:00:02]} d6 {[%clk 00:05:05]} 3. d4 {[%clk 00:05:04]}
{[%emt 00:00:01]} cxd4 {[%clk 00:05:06]} {[%emt 00:00:01]} 4. Nxd4 {[%clk
00:05:04]} {[%emt 00:00:02]} Nf6 {[%clk 00:05:06]} 5. Nc3 {[%clk 00:05:04]}
{[%emt 00:00:03]} a6 {[%emt 00:00:07]} 6. f3 {[%clk 00:05:00]} e6 {[%clk
00:05:04]} {[%emt 00:00:06]} 7. Be3 {[%clk 00:05:00]} {[%emt 00:00:01]} Be7
{[%clk 00:05:04]} {[%emt 00:00:02]} 8. Qd2 {[%clk 00:04:56]} {[%emt 00:00:06]}
b5 {[%clk 00:05:03]} {[%emt 00:00:03]} 9. a3 {[%clk 00:04:42]} {[%emt
00:00:17]} Bb7 {[%clk 00:05:02]} {[%emt 00:00:03]} 10. Be2 {[%clk 00:04:37]}
{[%emt 00:00:06]} Nbd7 {[%clk 00:05:01]} {[%emt 00:00:03]} 11. O-O {[%clk
00:04:30]} {[%emt 00:00:09]} O-O {[%clk 00:05:00]} {[%emt 00:00:04]} 12. Rad1
{[%clk 00:04:24]} {[%emt 00:00:07]} Rc8 {[%clk 00:04:56]} {[%emt 00:00:06]} 13.
g4 {[%clk 00:04:02]} {[%emt 00:00:24]} Ne5 {[%clk 00:04:14]} {[%emt 00:00:44]}
14. h3 {[%clk 00:03:44]} {[%emt 00:00:20]} Nc4 {[%clk 00:04:07]} {[%emt
00:00:10]} 15. Bxc4 {[%clk 00:03:43]} {[%emt 00:00:02]} Rxc4 {[%clk 00:04:07]}
{[%emt 00:00:02]} 16. g5 {[%clk 00:03:38]} {[%emt 00:00:07]} Nd7 {[%clk
00:03:56]} 17. h4 {[%clk 00:03:35]} {[%emt 00:00:17]} Ne5 {[%emt 00:01:28]} 18.
f4 {[%clk 00:03:14]} {[%emt 00:00:23]} Ng4 {[%clk 00:02:23]} 19. Qe2 {[%clk
00:03:03]} {[%emt 00:00:22]} h5 {[%clk 00:02:21]} 20. Nb1 {[%clk 00:02:40]}
{[%emt 00:00:31]} e5 {[%clk 00:01:34]} 21. b3 {[%clk 00:01:58]} {[%emt
00:01:32]} Nxe3 {[%clk 00:01:15]} 22. bxc4 {[%clk 00:01:57]} {[%emt 00:00:24]}
Nxd1 {[%clk 00:00:40]} {[%emt 00:00:39]} 23. Nf5 Nb2 {[%emt 00:00:15]} 24. cxb5
{[%clk 00:01:39]} {[%emt 00:00:07]} g6 {[%clk 00:00:35]} {[%emt 00:00:07]} 25.
Nh6+ {[%clk 00:01:31]} {[%emt 00:00:10]} Kg7 {[%clk 00:00:32]} {[%emt
00:00:05]} 26. c4 {[%clk 00:01:30]} {[%emt 00:00:03]} Na4 {[%clk 00:00:31]}
{[%emt 00:00:03]} 27. Qg2 {[%clk 00:01:15]} {[%emt 00:00:16]} Qb6+ {[%clk
00:00:26]} {[%emt 00:00:08]} 28. Kh2 {[%clk 00:01:13]} {[%emt 00:00:03]} Qe3
{[%clk 00:00:21]} {[%emt 00:00:08]} 29. f5 {[%clk 00:01:00]} {[%emt 00:00:15]}
Bxe4 {[%clk 00:00:21]} {[%emt 00:00:02]} 30. f6+ {[%clk 00:00:48]} {[%emt
00:00:14]} Bxf6 {[%clk 00:00:21]} {[%emt 00:00:01]} 31. gxf6+ {[%clk 00:00:48]}
{[%emt 00:00:02]} Kxh6 {[%clk 00:00:21]} {[%emt 00:00:02]} 32. Qg3 {[%clk
00:00:43]} {[%emt 00:00:08]} Qe2+ {[%clk 00:00:19]} {[%emt 00:00:04]} 33. Rf2
{[%clk 00:00:40]} {[%emt 00:00:05]} Qg4 {[%clk 00:00:18]} {[%emt 00:00:03]} 34.
Qe3+ {[%clk 00:00:39]} {[%emt 00:00:03]} Kh7 {[%clk 00:00:18]} {[%emt
00:00:02]} 35. Nd2 {[%clk 00:00:37]} {[%emt 00:00:04]} Qxh4+ {[%clk 00:00:19]}
{[%emt 00:00:01]} 36. Qh3 {[%clk 00:00:36]} {[%emt 00:00:03]} Qxf2+ {[%clk
00:00:19]} {[%emt 00:00:02]} 0-1

[Event "World Youth & Cadets Blitz Championships"]
[Site "Rhodes, Greece"]
[Date "2022.05.03"]
[Round "2.14"]
[White "Dotzer, Lukas"]
[Black "Mompel Ferruz, Xavier"]
[Result "1-0"]
[TimeControl "5'/game & 2\"/move"]
[WhiteElo "2026"]
[BlackElo "1560"]

1. e4 {[%clk 00:05:03]} c5 {[%clk 00:05:03]} {[%emt 00:00:01]} 2. Nc3 {[%emt
00:00:02]} e6 {[%clk 00:05:03]} {[%emt 00:00:01]} 3. Nge2 {[%clk 00:05:03]}
{[%emt 00:00:01]} Nc6 {[%clk 00:05:02]} 4. g3 {[%clk 00:05:02]} {[%emt
00:00:06]} g6 {[%clk 00:05:01]} 5. d4 {[%clk 00:05:01]} {[%emt 00:00:07]} cxd4
{[%clk 00:05:01]} 6. Nxd4 {[%clk 00:05:01]} {[%emt 00:00:04]} a6 7. Nxc6 {[%clk
00:04:44]} dxc6 {[%emt 00:00:06]} 8. Qxd8+ {[%clk 00:04:41]} {[%emt 00:00:02]}
Kxd8 {[%clk 00:04:50]} {[%emt 00:00:02]} 9. Bf4 {[%clk 00:04:19]} {[%emt
00:00:24]} Bg7 {[%clk 00:04:37]} {[%emt 00:00:15]} 10. O-O-O+ {[%emt 00:00:16]}
Ke8 {[%clk 00:04:37]} 11. Na4 {[%clk 00:03:45]} {[%emt 00:00:25]} e5 {[%clk
00:04:24]} {[%emt 00:00:14]} 12. Nb6 {[%clk 00:02:58]} {[%emt 00:00:49]} Rb8
{[%clk 00:04:21]} {[%emt 00:00:05]} 13. Nxc8 {[%clk 00:02:41]} {[%emt
00:00:20]} Rxc8 {[%clk 00:04:15]} {[%emt 00:00:07]} 14. Bh3 {[%clk 00:02:39]}
{[%emt 00:00:03]} Rc7 {[%clk 00:03:22]} {[%emt 00:00:55]} 15. Be3 {[%clk
00:02:29]} {[%emt 00:00:13]} Bh6 {[%clk 00:03:00]} {[%emt 00:00:24]} 16. f4
{[%clk 00:02:30]} {[%emt 00:00:01]} c5 {[%clk 00:02:47]} {[%emt 00:00:15]} 17.
Rd5 {[%clk 00:02:03]} {[%emt 00:00:29]} exf4 {[%clk 00:02:35]} {[%emt
00:00:14]} 18. gxf4 {[%clk 00:01:30]} {[%emt 00:00:35]} Ne7 {[%clk 00:02:02]}
{[%emt 00:00:35]} 19. Rxc5 {[%clk 00:01:01]} {[%emt 00:00:30]} Rxc5 {[%clk
00:00:31]} {[%emt 00:01:33]} 20. Bxc5 {[%clk 00:01:02]} {[%emt 00:00:02]} Bxf4+
{[%clk 00:00:32]} {[%emt 00:00:01]} 21. Kb1 {[%clk 00:00:50]} {[%emt 00:00:14]}
Nc6 {[%clk 00:00:31]} {[%emt 00:00:03]} 22. Rd1 {[%clk 00:00:46]} {[%emt
00:00:06]} Ne5 {[%clk 00:00:31]} {[%emt 00:00:02]} 23. Bc8 {[%clk 00:00:28]}
{[%emt 00:00:19]} f6 {[%clk 00:00:19]} {[%emt 00:00:15]} 24. Bxb7 {[%clk
00:00:23]} {[%emt 00:00:07]} a5 {[%clk 00:00:11]} {[%emt 00:00:09]} 25. h3
{[%clk 00:00:16]} {[%emt 00:00:10]} Kf7 {[%clk 00:00:12]} {[%emt 00:00:02]} 26.
Bd5+ {[%clk 00:00:16]} {[%emt 00:00:01]} Kg7 {[%clk 00:00:13]} {[%emt
00:00:01]} 27. Be6 {[%clk 00:00:14]} {[%emt 00:00:05]} Re8 {[%clk 00:00:11]}
{[%emt 00:00:03]} 28. Bd7 {[%clk 00:00:06]} {[%emt 00:00:10]} Rd8 {[%clk
00:00:05]} {[%emt 00:00:08]} 29. Bg4 {[%clk 00:00:07]} {[%emt 00:00:01]} Re8
{[%clk 00:00:06]} {[%emt 00:00:02]} 30. Be2 {[%clk 00:00:06]} {[%emt 00:00:02]}
Rb8 {[%clk 00:00:06]} {[%emt 00:00:01]} 31. Bd6 {[%clk 00:00:06]} {[%emt
00:00:02]} Rb6 {[%clk 00:00:07]} {[%emt 00:00:02]} 32. Bxe5 {[%clk 00:00:07]}
Bxe5 {[%clk 00:00:07]} {[%emt 00:00:02]} 33. b3 {[%clk 00:00:07]} {[%emt
00:00:01]} Kh6 {[%clk 00:00:07]} {[%emt 00:00:02]} 34. c4 {[%clk 00:00:07]}
{[%emt 00:00:02]} a4 {[%clk 00:00:08]} {[%emt 00:00:02]} 35. c5 {[%clk
00:00:08]} {[%emt 00:00:01]} Rb8 {[%clk 00:00:09]} {[%emt 00:00:01]} 36. Bc4
{[%clk 00:00:08]} {[%emt 00:00:03]} axb3 {[%clk 00:00:09]} {[%emt 00:00:02]} 37.
axb3 {[%clk 00:00:09]} Rc8 {[%clk 00:00:09]} {[%emt 00:00:02]} 38. Rd5 {[%clk
00:00:07]} {[%emt 00:00:05]} Kg5 {[%clk 00:00:07]} {[%emt 00:00:03]} 39. b4
{[%clk 00:00:07]} {[%emt 00:00:02]} Kf4 {[%clk 00:00:06]} {[%emt 00:00:03]} 40.
Bd3 {[%clk 00:00:06]} {[%emt 00:00:04]} Ke3 {[%clk 00:00:05]} {[%emt 00:00:03]}
1-0

[Event "World Youth & Cadets Blitz Championships"]
[Site "Rhodes, Greece"]
[Date "2022.05.03"]
[Round "2.15"]
[White "Hartlinski, Tomasz"]
[Black "Kuru, Atilla"]
[Result "0-1"]
[TimeControl "5'/game & 2\"/move"]
[WhiteElo "1496"]
[BlackElo "2023"]

1. d4 {[%clk 00:05:03]} Nf6 {[%clk 00:05:03]} {[%emt 00:00:01]} 2. c4 {[%clk
00:05:04]} {[%emt 00:00:01]} e6 {[%clk 00:05:04]} {[%emt 00:00:01]} 3. Nf3
{[%clk 00:05:05]} {[%emt 00:00:01]} d5 {[%clk 00:05:05]} {[%emt 00:00:01]} 4.
Nc3 {[%clk 00:04:59]} {[%emt 00:00:08]} c6 {[%clk 00:05:06]} {[%emt 00:00:01]}
5. Bg5 {[%clk 00:04:52]} {[%emt 00:00:09]} Nbd7 {[%clk 00:05:06]} {[%emt
00:00:01]} 6. e3 {[%clk 00:04:51]} {[%emt 00:00:03]} Be7 {[%clk 00:05:07]}
{[%emt 00:00:01]} 7. Be2 {[%clk 00:04:47]} {[%emt 00:00:06]} O-O {[%clk
00:05:06]} {[%emt 00:00:03]} 8. O-O {[%clk 00:04:46]} {[%emt 00:00:02]} a6
{[%clk 00:05:07]} {[%emt 00:00:02]} 9. a3 {[%clk 00:04:17]} {[%emt 00:00:31]}
dxc4 {[%clk 00:05:06]} {[%emt 00:00:03]} 10. Bxc4 {[%clk 00:04:17]} {[%emt
00:00:02]} b5 {[%clk 00:05:07]} 11. Bd3 {[%clk 00:04:18]} c5 {[%clk 00:05:03]}
{[%emt 00:00:07]} 12. Qe2 {[%clk 00:03:56]} {[%emt 00:00:24]} Bb7 {[%clk
00:04:58]} {[%emt 00:00:06]} 13. Rfd1 {[%clk 00:03:45]} {[%emt 00:00:13]} Qb6
{[%clk 00:04:55]} {[%emt 00:00:04]} 14. Rac1 {[%clk 00:03:33]} {[%emt
00:00:17]} Rac8 {[%clk 00:04:56]} {[%emt 00:00:01]} 15. Ne5 {[%clk 00:03:12]}
{[%emt 00:00:23]} Rfd8 {[%clk 00:04:36]} {[%emt 00:00:21]} 16. Nxd7 {[%clk
00:02:35]} {[%emt 00:00:39]} Rxd7 {[%clk 00:04:36]} {[%emt 00:00:02]} 17. dxc5
{[%emt 00:00:18]} Rxc5 {[%clk 00:04:26]} {[%emt 00:00:04]} 18. Bxf6 {[%clk
00:02:27]} {[%emt 00:00:02]} Bxf6 {[%clk 00:04:26]} {[%emt 00:00:02]} 19. Bxh7+
{[%clk 00:02:27]} {[%emt 00:00:02]} Kxh7 {[%clk 00:04:26]} {[%emt 00:00:02]} 20.
Rxd7 {[%clk 00:02:27]} {[%emt 00:00:02]} Qc6 {[%clk 00:03:57]} {[%emt
00:00:30]} 21. Rxb7 {[%clk 00:02:20]} {[%emt 00:00:10]} Qxb7 {[%clk 00:03:58]}
{[%emt 00:00:01]} 22. Qd3+ {[%clk 00:02:00]} {[%emt 00:00:22]} g6 {[%clk
00:03:54]} {[%emt 00:00:07]} 23. Rd1 {[%clk 00:01:33]} {[%emt 00:00:28]} Kg7
{[%clk 00:03:54]} {[%emt 00:00:01]} 24. h3 {[%clk 00:01:17]} {[%emt 00:00:19]}
a5 {[%clk 00:03:46]} {[%emt 00:00:10]} 25. Ne2 {[%clk 00:00:27]} {[%emt
00:00:52]} Rd5 {[%clk 00:03:36]} {[%emt 00:00:12]} 26. Qc2 {[%clk 00:00:27]}
{[%emt 00:00:01]} Rxd1+ {[%clk 00:03:36]} {[%emt 00:00:02]} 27. Qxd1 {[%clk
00:00:29]} {[%emt 00:00:01]} Bxb2 {[%clk 00:03:36]} {[%emt 00:00:03]} 28. Qb1
{[%clk 00:00:23]} {[%emt 00:00:07]} Be5 {[%clk 00:03:29]} {[%emt 00:00:07]} 29.
Qd3 {[%clk 00:00:19]} {[%emt 00:00:05]} b4 {[%clk 00:03:27]} {[%emt 00:00:07]}
30. Qb3 {[%clk 00:00:16]} {[%emt 00:00:05]} Qa6 {[%clk 00:03:21]} {[%emt
00:00:08]} 31. Nd4 {[%clk 00:00:12]} {[%emt 00:00:07]} Qc8 {[%clk 00:03:12]}
{[%emt 00:00:10]} 32. g3 {[%clk 00:00:12]} {[%emt 00:00:01]} Qc1+ {[%clk
00:03:13]} {[%emt 00:00:02]} 33. Kg2 {[%clk 00:00:13]} {[%emt 00:00:01]} Qxa3
{[%clk 00:03:11]} {[%emt 00:00:03]} 34. Nxe6+ {[%clk 00:00:08]} {[%emt
00:00:07]} Kf6 {[%clk 00:03:05]} {[%emt 00:00:09]} 35. Nc5 {[%clk 00:00:05]}
{[%emt 00:00:05]} Qxb3 36. Nxb3 {[%clk 00:00:06]} a4 {[%clk 00:03:06]} {[%emt
00:00:01]} 37. Nd2 {[%clk 00:00:07]} {[%emt 00:00:02]} b3 {[%clk 00:03:05]}
{[%emt 00:00:03]} 38. Nc4 {[%clk 00:00:08]} b2 {[%clk 00:03:04]} {[%emt
00:00:03]} 0-1

[Event "World Youth & Cadets Blitz Championships"]
[Site "Rhodes, Greece"]
[Date "2022.05.03"]
[Round "2.16"]
[White "Korelskiy, Egor"]
[Black "Migalko, Dmitriy"]
[Result "1-0"]
[TimeControl "5'/game & 2\"/move"]
[WhiteElo "1993"]
[BlackElo "1513"]

1. e4 {[%clk 00:05:02]} {[%emt 00:00:03]} c5 {[%clk 00:05:03]} {[%emt
00:00:01]} 2. Nf3 {[%clk 00:05:02]} {[%emt 00:00:01]} e6 {[%clk 00:05:04]}
{[%emt 00:00:01]} 3. d4 {[%clk 00:04:56]} {[%emt 00:00:08]} cxd4 {[%clk
00:05:04]} {[%emt 00:00:01]} 4. Nxd4 {[%clk 00:04:56]} {[%emt 00:00:02]} Nf6
{[%clk 00:05:04]} {[%emt 00:00:02]} 5. Nc3 {[%clk 00:04:56]} {[%emt 00:00:02]}
Nc6 {[%clk 00:05:05]} {[%emt 00:00:02]} 6. Bg5 {[%clk 00:04:54]} {[%emt
00:00:03]} Be7 {[%clk 00:04:54]} {[%emt 00:00:14]} 7. Qd2 {[%clk 00:04:55]} h6
{[%clk 00:04:22]} {[%emt 00:00:34]} 8. Bxf6 {[%clk 00:04:44]} {[%emt 00:00:13]}
Bxf6 {[%clk 00:04:19]} {[%emt 00:00:05]} 9. Ndb5 {[%clk 00:04:44]} {[%emt
00:00:02]} O-O {[%clk 00:03:44]} {[%emt 00:00:36]} 10. Be2 {[%clk 00:04:38]}
{[%emt 00:00:08]} a6 {[%clk 00:03:29]} {[%emt 00:00:18]} 11. Nd6 {[%clk
00:04:38]} Be7 {[%clk 00:03:16]} {[%emt 00:00:15]} 12. O-O {[%clk 00:04:33]}
{[%emt 00:00:08]} Qc7 {[%clk 00:03:15]} {[%emt 00:00:03]} 13. Rad1 {[%clk
00:04:29]} {[%emt 00:00:06]} Bxd6 {[%clk 00:02:50]} {[%emt 00:00:27]} 14. Qxd6
{[%clk 00:04:29]} {[%emt 00:00:02]} Qxd6 {[%clk 00:02:51]} {[%emt 00:00:01]} 15.
Rxd6 {[%clk 00:04:29]} {[%emt 00:00:02]} b5 {[%clk 00:02:37]} {[%emt 00:00:15]}
16. Rfd1 {[%clk 00:04:27]} {[%emt 00:00:04]} Ra7 {[%clk 00:02:37]} {[%emt
00:00:03]} 17. f4 {[%clk 00:04:22]} {[%emt 00:00:07]} Rd8 {[%clk 00:02:35]}
{[%emt 00:00:04]} 18. Rxc6 {[%clk 00:04:21]} {[%emt 00:00:03]} Bb7 {[%clk
00:02:19]} {[%emt 00:00:19]} 19. Rc7 {[%clk 00:04:19]} {[%emt 00:00:03]} d6
{[%clk 00:02:11]} {[%emt 00:00:10]} 20. Bf3 {[%clk 00:04:09]} {[%emt 00:00:12]}
b4 {[%clk 00:01:54]} {[%emt 00:00:19]} 21. Na4 {[%clk 00:04:06]} {[%emt
00:00:05]} Rc8 {[%clk 00:01:31]} {[%emt 00:00:25]} 22. Rxc8+ {[%clk 00:04:05]}
{[%emt 00:00:03]} Bxc8 {[%clk 00:01:32]} {[%emt 00:00:01]} 23. Rxd6 {[%clk
00:04:05]} {[%emt 00:00:02]} Rc7 {[%clk 00:01:31]} {[%emt 00:00:02]} 24. c3
{[%clk 00:03:59]} {[%emt 00:00:08]} Bd7 {[%clk 00:01:30]} {[%emt 00:00:04]} 25.
Nb6 {[%clk 00:03:59]} {[%emt 00:00:02]} bxc3 {[%clk 00:01:25]} {[%emt
00:00:07]} 26. bxc3 {[%clk 00:03:55]} {[%emt 00:00:05]} Bb5 {[%clk 00:01:23]}
{[%emt 00:00:05]} 27. c4 {[%clk 00:03:52]} {[%emt 00:00:05]} Bxc4 {[%clk
00:01:17]} {[%emt 00:00:08]} 28. Nxc4 {[%clk 00:03:52]} {[%emt 00:00:01]} Rxc4
{[%clk 00:01:18]} {[%emt 00:00:02]} 29. Rxa6 {[%clk 00:03:53]} {[%emt
00:00:01]} Rc1+ {[%clk 00:01:17]} {[%emt 00:00:03]} 30. Kf2 {[%clk 00:03:52]}
{[%emt 00:00:03]} Rc2+ {[%clk 00:01:17]} {[%emt 00:00:01]} 31. Ke3 {[%clk
00:03:52]} {[%emt 00:00:02]} Kf8 {[%clk 00:01:16]} {[%emt 00:00:04]} 32. a4
{[%clk 00:03:52]} {[%emt 00:00:02]} Ra2 {[%clk 00:01:15]} {[%emt 00:00:03]} 33.
a5 {[%clk 00:03:52]} {[%emt 00:00:02]} Ke7 {[%clk 00:01:05]} {[%emt 00:00:12]}
34. Ra7+ {[%clk 00:03:53]} {[%emt 00:00:02]} Ke8 {[%clk 00:00:56]} {[%emt
00:00:10]} 35. e5 {[%clk 00:03:51]} {[%emt 00:00:03]} Ra3+ {[%clk 00:00:54]}
{[%emt 00:00:04]} 36. Kd4 {[%clk 00:03:48]} {[%emt 00:00:05]} Kd8 {[%clk
00:00:54]} {[%emt 00:00:02]} 37. Rxf7 {[%clk 00:03:47]} {[%emt 00:00:04]} Rxa5
{[%clk 00:00:55]} {[%emt 00:00:01]} 38. Rxg7 {[%clk 00:03:47]} {[%emt
00:00:01]} Ra4+ {[%clk 00:00:56]} {[%emt 00:00:02]} 39. Kc5 {[%clk 00:03:48]}
{[%emt 00:00:01]} Ra5+ {[%clk 00:00:56]} {[%emt 00:00:02]} 40. Kd6 {[%clk
00:03:47]} {[%emt 00:00:02]} Ra6+ {[%clk 00:00:58]} 41. Bc6 {[%clk 00:03:47]}
{[%emt 00:00:01]} Rxc6+ {[%clk 00:00:04]} {[%emt 00:00:57]} 42. Kxc6 {[%clk
00:03:47]} {[%emt 00:00:02]} Ke8 {[%clk 00:00:05]} 43. Rg6 {[%clk 00:03:48]}
Kf7 {[%clk 00:00:00]} {[%emt 00:00:09]} 44. Rf6+ {[%clk 00:03:48]} {[%emt
00:00:03]} 1-0

[Event "World Youth & Cadets Blitz Championships"]
[Site "Rhodes, Greece"]
[Date "2022.05.03"]
[Round "2.17"]
[White "Bangert, Jonas"]
[Black "Begmuratov, Khumoyun"]
[Result "0-1"]
[TimeControl "5'/game & 2\"/move"]
[WhiteElo "1483"]
[BlackElo "1961"]

1. d4 {[%clk 00:05:02]} {[%emt 00:00:02]} Nf6 {[%clk 00:05:04]} {[%emt
00:00:01]} 2. Nf3 {[%clk 00:05:01]} {[%emt 00:00:03]} g6 {[%clk 00:05:02]}
{[%emt 00:00:04]} 3. Bf4 {[%clk 00:05:01]} {[%emt 00:00:01]} Bg7 {[%clk
00:05:03]} {[%emt 00:00:01]} 4. Nbd2 {[%clk 00:05:01]} {[%emt 00:00:03]} O-O
{[%clk 00:05:03]} {[%emt 00:00:02]} 5. h3 {[%clk 00:05:01]} {[%emt 00:00:02]}
c5 {[%clk 00:05:04]} {[%emt 00:00:02]} 6. c3 {[%clk 00:05:00]} {[%emt
00:00:02]} d6 {[%clk 00:05:04]} {[%emt 00:00:02]} 7. e4 {[%clk 00:04:35]}
{[%emt 00:00:26]} Nc6 {[%clk 00:04:47]} {[%emt 00:00:19]} 8. e5 {[%clk
00:04:25]} {[%emt 00:00:12]} Nd5 {[%clk 00:04:41]} {[%emt 00:00:07]} 9. Bh2
{[%clk 00:04:26]} {[%emt 00:00:02]} cxd4 {[%clk 00:04:40]} {[%emt 00:00:03]} 10.
cxd4 {[%clk 00:04:26]} {[%emt 00:00:02]} dxe5 {[%clk 00:04:40]} {[%emt
00:00:02]} 11. dxe5 {[%clk 00:04:26]} {[%emt 00:00:02]} Ndb4 {[%clk 00:04:36]}
{[%emt 00:00:05]} 12. Qb3 {[%clk 00:03:54]} {[%emt 00:00:35]} Bf5 {[%clk
00:03:36]} {[%emt 00:01:02]} 13. Be2 {[%clk 00:01:34]} {[%emt 00:02:22]} Nc2+
{[%clk 00:03:34]} {[%emt 00:00:04]} 14. Kf1 {[%clk 00:01:13]} {[%emt 00:00:23]}
Nxa1 {[%clk 00:03:34]} {[%emt 00:00:03]} 15. Qxb7 {[%clk 00:01:10]} {[%emt
00:00:05]} Rb8 {[%clk 00:03:14]} {[%emt 00:00:22]} 16. Qxc6 {[%clk 00:00:53]}
{[%emt 00:00:19]} Rc8 {[%clk 00:03:15]} {[%emt 00:00:01]} 17. Qa4 {[%clk
00:00:54]} Rc1+ {[%clk 00:03:16]} {[%emt 00:00:01]} 18. Bd1 {[%clk 00:00:55]}
Bc2 {[%clk 00:03:17]} 19. Qxc2 {[%clk 00:00:36]} {[%emt 00:00:21]} Nxc2 {[%clk
00:03:18]} {[%emt 00:00:02]} 20. Ke2 {[%clk 00:00:32]} {[%emt 00:00:05]} Nd4+
{[%clk 00:03:17]} {[%emt 00:00:03]} 21. Nxd4 {[%clk 00:00:31]} {[%emt
00:00:03]} Qxd4 {[%clk 00:03:18]} {[%emt 00:00:02]} 22. Re1 {[%clk 00:00:26]}
{[%emt 00:00:06]} Rd8 {[%clk 00:03:16]} {[%emt 00:00:04]} 23. Nf3 {[%clk
00:00:24]} {[%emt 00:00:04]} Qd3# {[%clk 00:03:16]} {[%emt 00:00:01]} 0-1